000 00696nam a2200265Ia 4500
005 20250425161652.0
008 250425s9999 xx 000 0 und d
020 _a0895202026
041 _aeng
082 _a622.1828
100 _aCRAIG, FORREST F.
245 0 _aTHE RESERVOIR ENGINEERING ASPECTS OF WATERFLOODING
250 _aS.E.
260 _aDALLAS
260 _aEstados Unidos
_bSPE
_c1971
300 _a134
500 _aMONOGRAPH VOLUME 3 OF THE HENRY L. DOHERTY SERIES
650 _aFLUIDOS-PROPIEDADES
650 _aFLUJO DE FLUIDOS
650 _aINUNDACIONES-CONTROL
650 _aPREDICCIONES
650 _aRESERVAS PETROLERAS
942 _c01
010 _a25471
999 _c213719
_d213719